| LEADER 00000nama 2200000uu 4500 |
| 008 040531s|||| th m m a000 0 tha d |
| 041 tha |
| 050 วจ WM 20 ศ246ผ 2552. |
| 100 ศรีวรรณ เอมราช. |
| 245 ผลการสอนแบบกลุ่มสัมภาษณ์ต่อผลสัมฤทธิ์ทางการเรียนในวิชาจิตวิทยาทั่วไปของนักศึกษาพยาบาล หลักสูตรพยาบาลศาสตรบัณฑิต ชั้นปีที่ 1 รุ่นที่ 54 = The Effects of Team Interview Learning Method on Academic Achievement in General Psychology Suject of First Year Nursi |
| 260 นครราชสีมา. วิทยาลัยพยาบาลบรมราชชนนี นครราชสีมา. 2552. |
| 300 46 หน้า. |
| 600 1.จันทร์สุดา ลีลาเขตต์ 2.ประภาพร ซึมรัมย์. 3.วิทยาลัยพยาบาลบรมราชชนนี นครราชสีมา. |
| 650 1.ผลสัมฤทธิ์ทางการเรียน - - วิชาจิตวิทยา. |
| 995 004 |